New Zealand Banks' Vulnerabilities and Capital Adequacy /

The paper finds that, given New Zealand's conservative approach in implementing the Basel II framework, New Zealand banks' headline capital ratios underestimate their capital strength. A comparison with Canadian, UK and Australian banks highlights the impact of New Zealand's more cons...

Cur síos iomlán

Sonraí bibleagrafaíochta
Príomhchruthaitheoir: Jang, B.
Rannpháirtithe: Kataoka, Masahiko
Formáid: IRIS
Teanga:English
Foilsithe / Cruthaithe: Washington, D.C. : International Monetary Fund, 2013.
Sraith:IMF Working Papers; Working Paper ; No. 2013/007
Rochtain ar líne:Full text available on IMF
LEADER 01958cas a2200253 a 4500
001 AALejournalIMF013290
008 230101c9999 xx r poo 0 0eng d
020 |c 5.00 USD 
020 |z 9781475561371 
022 |a 1018-5941 
040 |a BD-DhAAL  |c BD-DhAAL 
100 1 |a Jang, B. 
245 1 0 |a New Zealand Banks' Vulnerabilities and Capital Adequacy /  |c B. Jang, Masahiko Kataoka. 
264 1 |a Washington, D.C. :  |b International Monetary Fund,  |c 2013. 
300 |a 1 online resource (23 pages) 
490 1 |a IMF Working Papers 
500 |a <strong>Off-Campus Access:</strong> No User ID or Password Required 
500 |a <strong>On-Campus Access:</strong> No User ID or Password Required 
506 |a Electronic access restricted to authorized BRAC University faculty, staff and students 
520 3 |a The paper finds that, given New Zealand's conservative approach in implementing the Basel II framework, New Zealand banks' headline capital ratios underestimate their capital strength. A comparison with Canadian, UK and Australian banks highlights the impact of New Zealand's more conservative approach. Stress tests in the paper show that four large New Zealand banks could withstand sizable stand-alone shocks to their exposure to either residential mortgages (calibrated on the Irish crisis experience) or corporate lending. However, combined shocks to both residential mortgages and corporate lending would put more pressure on the banks' capital. Given high bank concentration and large offshore wholesale funding needs, the merits of higher minimum capital requirements for systemically important domestic banks could be considered, together with other measures to be implemented. 
538 |a Mode of access: Internet 
700 1 |a Kataoka, Masahiko. 
830 0 |a IMF Working Papers; Working Paper ;  |v No. 2013/007 
856 4 0 |z Full text available on IMF  |u http://elibrary.imf.org/view/journals/001/2013/007/001.2013.issue-007-en.xml  |z IMF e-Library